Filosofía, psicología. /

Guardado en:
Autor Principal: Turon, Juan M.
Formato: Libro
Publicado: Buenos Aires : Lasserre, 1945
Edición:5a. ed.
Materias:
Etiquetas: Agregar Etiqueta
Sin Etiquetas, Sea el primero en etiquetar este registro!
LEADER 00441nam a22001695a 4500
001 CEM.cems006336
005 20060214000000.0
008 130507s1945##################000#0#####d
003 CEMS
082 0 4 |a 150 
100 1 |a Turon, Juan M. 
245 1 0 |a Filosofía, psicología. / 
250 |a 5a. ed. 
260 |a Buenos Aires :  |b Lasserre,  |c 1945 
300 |a 290 p. 
653 |a Filosofia 
859 |a CEMS  |b BIB. CEMS - 11 de abril  |h 150  |i T862a5  |p 5924.77  |t Ej.1